01411cam a22003614i 4500003000900000005001700009008004100026035001900067040003300086049000900119082002300128100005700151245006800208264002800276300003900304336002100343337002500364338002300389505016700412526000900579526000900588526000800597526000800605526000800613600003900621651006000660651007400720910000800794942001200802980005500814999001700869952016300886PE-LiUPU20250731184056.0150617s r 000 0 d a(Sirsi) a18779 aPE-LiUPUbspacPE-LiUPUerda aPRUA04a869.508bP838p2231 aPorras Barrenechea, Raúl,d1897-1960eautor.9226410aPequeña antología de Lima /cpor Raúl Porras Barrenechea. 1aLima :bMinerva,c1965. a399 páginas ;c22 centímetros. atext2rdacontent aunmediated2rdamedia avolume2rdacarrier0 aLa fundación -- Pizarro, el fundador -- Lima en el siglo XVI -- Lima en el siglo XVII -- Lima en el siglo XVIII -- Lima en la independencia -- Lima republicana. aP145 aP127 aP97 aP14 aP0724aPizarro, Francisco.dca. 1475-154114aLima, Lima (Perú : Distrito Capital)xHistoria.9215924aLima, Lima (Perú : Distrito Capital)xDescripciones y viajes.94328 ajck 2ddccBK 81gALBERTO SANCHEZ Responsable de Automatización c18507d18507 r2025-12-03 00:00:00i6l0o869.508 P838pp08905te1w2015-04-22xFACIHEDyBKzinventario-2023-12-13102ddc50708GENfP14aBULbBULcGENd2015-04-22eCOMPRA